| 000 | 01014nam a2200277 a 4500 | ||
|---|---|---|---|
| 001 | BRCA_5855 | ||
| 005 | 20190320205236.0 | ||
| 008 | 151112s2008----nyua######---#000-0#eng-# | ||
| 020 | _a9780870707216 | ||
| 041 | _aeng | ||
| 044 | _anyu | ||
| 050 | 4 |
_aN5300 _b.B46 2008 |
|
| 100 | 1 |
_aBenson, Richard _914831 |
|
| 245 | 1 | 0 |
_aThe printed picture _cRichard Benson. |
| 260 |
_aNueva York _bMuseum of Modern Art _cc2008 |
||
| 300 |
_a338 p. _bil. (algunas a color) _c28 cm. |
||
| 500 | _aIncluye glosario de términos e índice alfabético | ||
| 500 | _aCatálogo de la exposición realizada en The Museum of Modern Art (Nueva York), octubre 2008 - primavera 2009 | ||
| 500 | _aColección Sonia Corcuera de Mancera | ||
| 650 | 1 | 4 |
_aFotografías de grabados _xHistoria _914832 |
| 650 | 1 | 4 |
_aGrabados _xHistoria _914833 |
| 650 | 1 | 4 |
_aFotografía _xHistoria _914547 |
| 710 | 2 |
_aMuseum of Modern Art (Nueva York (Estados Unidos)) _bThe Edward Steichen Photography Galleries _914834 |
|
| 902 | _aDSC | ||
| 942 |
_2lcc _cB |
||
| 999 |
_c5544 _d5544 |
||